College algebra / (Record no. 283973)
[ view plain ]
| 000 -LEADER | |
|---|---|
| fixed length control field | 00556nam a22002057a 4500 |
| 003 - CONTROL NUMBER IDENTIFIER | |
| control field | OSt |
| 005 - DATE AND TIME OF LATEST TRANSACTION | |
| control field | 20150513152938.0 |
| 008 - FIXED-LENGTH DATA ELEMENTS--GENERAL INFORMATION | |
| fixed length control field | 130301t xxu||||| |||| 00| 0 eng d |
| 020 ## - INTERNATIONAL STANDARD BOOK NUMBER | |
| International Standard Book Number | 9715844987 |
| 050 ## - LIBRARY OF CONGRESS CALL NUMBER | |
| Classification number | QA 154.3 |
| Item number | .B352 2006 |
| 082 ## - DEWEY DECIMAL CLASSIFICATION NUMBER | |
| Classification number | FIL 512 |
| Item number | C68 2006 |
| 245 ## - TITLE STATEMENT | |
| Title | College algebra / |
| Statement of responsibility, etc | Leodegario SM. Bautista [and 5 others]. |
| 260 ## - PUBLICATION, DISTRIBUTION, ETC. (IMPRINT) | |
| Place of publication, distribution, etc | Quezon City : |
| Name of publisher, distributor, etc | C & E Pub., |
| Date of publication, distribution, etc | 2006. |
| 300 ## - PHYSICAL DESCRIPTION | |
| Extent | 256 pages : |
| Dimensions | 25 cm. |
| Other physical details | illustrations ; |
| 526 ## - STUDY PROGRAM INFORMATION NOTE | |
| Reading level | 1210L-1700L |
| 562 ## - COPY AND VERSION IDENTIFICATION NOTE | |
| Number of copies | 1 |
| 650 ## - SUBJECT ADDED ENTRY--TOPICAL TERM | |
| Topical term or geographic name as entry element | Algebra. |
| 942 ## - ADDED ENTRY ELEMENTS (KOHA) | |
| Source of classification or shelving scheme | Library of Congress Classification |
| Koha item type | Books |
| Call number prefix | Filipininana |
| Withdrawn status | Lost status | Source of classification or shelving scheme | Damaged status | Home library | Current library | Shelving location | Date acquired | Source of acquisition | Sub Shelving location | Total Checkouts | Full call number | Barcode | Date last seen | Price effective from | Koha item type |
|---|---|---|---|---|---|---|---|---|---|---|---|---|---|---|---|
| Library of Congress Classification | College Library | College Library | Filipiniana Section | 05/13/2015 | Library Fund | QA 154.3 .B352 2006 | C19277 | 05/08/2018 | 05/13/2015 | Books | |||||
| Library of Congress Classification | College Library | College Library | Filipiniana Section | 05/13/2015 | Library Fund | QA 154.3 .B352 2006 | C19278 | 05/08/2018 | 05/13/2015 | Books |